书目信息 |
| 题名: |
英汉生物化学词典
|
|
| 作者: | 冯宋明 | |
| 分册: | ||
| 出版信息: | 北京 科学出版社 1983 |
|
| 页数: | 998 | |
| 开本: | 20cm | |
| 丛书名: | ||
| 单 册: | ||
| 中图分类: | Q5-61 | |
| 科图分类: | ||
| 主题词: | 生物化学 | |
| 电子资源: | ||
| ISBN: | 7-03-003388-4 | |
| 000 | 00514nam0 2200181 450 | |
| 001 | 0741144344 | |
| 005 | 20070817112544.34 | |
| 010 | @a7-03-003388-4@b精装@d¥58.00 | |
| 100 | @a20070817d km y0chiy0120 ea | |
| 101 | 0 | @achi |
| 200 | 1 | @a英汉生物化学词典@Aying han sheng wu hua xue ci dian@f冯宋明@Ffeng song ming |
| 210 | @a北京@c科学出版社@d1983 | |
| 215 | @a998@d20cm | |
| 606 | 0 | @a生物化学 |
| 690 | @aQ5-61@v3 | |
| 701 | 0 | @a冯宋明@Afeng song ming |
| 801 | 0 | @aCN@bPFT@c20070817 |
| 905 | @a213230@dQ5-61@en1@f1 | |
| 英汉生物化学词典/冯宋明.-北京:科学出版社,1983 |
| 998;20cm |
| ISBN 7-03-003388-4(精装):¥58.00 |
| ● |
| 相关链接 |
|
|
|
|
正题名:英汉生物化学词典
索取号:Q5-61/n1
 
预约/预借
| 序号 | 登录号 | 条形码 | 馆藏地/架位号 | 状态 | 备注 |
| 1 | 6601044 | 266010443 | 密集书库-生命科学系/ [索取号:Q5-61/n1] | 在馆 |